| 000 | 01553nam a2200385 a 4500 | ||
|---|---|---|---|
| 001 | ebr10441958 | ||
| 003 | CaPaEBR | ||
| 006 | m u | ||
| 007 | cr cn||||||||| | ||
| 008 | 110215s2010 enka sb 001 0 eng d | ||
| 020 | _z9780335237302 (pbk.) | ||
| 020 | _z9780335237296 (hardback) | ||
| 020 | _z0335237304 (pbk.) | ||
| 020 | _z0335237290 (hardback) | ||
| 020 | _z9780335239696 (e-book) | ||
| 040 |
_aCaPaEBR _cCaPaEBR |
||
| 035 | _a(OCoLC)764550020 | ||
| 050 | 1 | 4 |
_aGF3 _b.H63 2010eb |
| 100 | 1 | _aHodson, Mike. | |
| 245 | 1 | 0 |
_aWorld cities and climate change _h[electronic resource] : _bproducing urban ecological security / _cMike Hodson and Simon Marvin. |
| 260 |
_aBerkshire, England : _bMcGraw-Hill : _bOpen University Presss, _c2010. |
||
| 300 |
_axix, 160 p. : _bill. |
||
| 490 | 1 | _aIssues in society | |
| 504 | _aIncludes bibliographical references and index. | ||
| 505 | 0 | _apt. I. Theory, concepts and issues -- pt. II. Urban responses -- pt. III. Implications, limits and alternatives. | |
| 533 |
_aElectronic reproduction. _bPalo Alto, Calif. : _cebrary, _d2011. _nAvailable via World Wide Web. _nAccess may be limited to ebrary affiliated libraries. |
||
| 650 | 0 | _aHuman ecology. | |
| 650 | 0 | _aGlobalization. | |
| 650 | 0 | _aClimatic changes. | |
| 655 | 7 |
_aElectronic books. _2local |
|
| 700 | 1 | _aMarvin, Simon. | |
| 710 | 2 | _aebrary, Inc. | |
| 830 | 0 | _aIssues in society. | |
| 856 | 4 | 0 |
_uhttp://site.ebrary.com/lib/rucke/Doc?id=10441958 _zAn electronic book accessible through the World Wide Web; click to view |
| 999 |
_c245894 _d245894 |
||